000 00364nam a2200145Ia 4500
008 240624s9999 xx 000 0 und d
041 _aeng
082 _a658.8 MOH
100 _aMOHR JAKKI
245 _aMARKETING OF HIGH TECHNOLOGY PRODUCTS AN
250 _a(3rd ed.)
260 _c2015
_aNew Delhi
_bPearson
300 _a541 : p. : cm. ; 26
365 _cRS
_b33
999 _c24610
_d24610